000 00295nam a22001337a 4500
008 260427b ||||| |||| 00| 0 eng d
020 _a9789995621698
041 _aShqip
080 _a11.1
100 _a20
101 _aNgjarje
245 _aDhëmbi i Bardhë
_cXhek London
942 _2udc
_cBK
999 _c60998
_d60998